| 000 | 00520nam a2200205Ia 4500 | ||
|---|---|---|---|
| 001 | 7189 | ||
| 003 | IVS | ||
| 005 | 20250626025156.0 | ||
| 008 | 211022s9999 xx 000 0 und d | ||
| 040 | _cIVS | ||
| 082 | _a741.6 SAN | ||
| 100 | _aSanaa Iftikhar | ||
| 245 | 4 | _aThe world of carbonated drinks | |
| 260 | _aKarachi | ||
| 260 | _bIndus Valley School | ||
| 260 | _c2002 | ||
| 300 | _a60 | ||
| 856 | _uhttps://drive.google.com/file/d/1O5MQDgL8V4eP9uofaRxGZGZEwwvUVaG5/view?usp=sharing | ||
| 942 |
_cDISS _2ddc _n0 |
||
| 999 |
_c2844 _d2844 |
||